| 000 | 00498nam a2200169 a 4500 | ||
|---|---|---|---|
| 008 | 961023s1967 m yCZ 0 cze c | ||
| 040 |
_aSNK _bslo _cSNK _eAACR2 |
||
| 041 | 1 | _aces | |
| 044 | _aCZ | ||
| 080 | _a03=850 | ||
| 245 | 1 | 0 |
_aPříruční slovník naučný _n4. díl, S-Ž |
| 260 |
_aPraha _bNakladatelství Československé akademie věd _c1967 |
||
| 300 |
_avii, 933 s., 894 obr. príl, 13 fareb. mp. príl. _c25 cm |
||
| 650 | 0 | 7 |
_aencyklopédie české _2SNK |
| 020 | _c90 | ||
| 958 | _aA | ||
| 999 |
_c17667 _d17667 |
||